[Event "FRA-chT4 1516"]
[Site "Champagne Ardennes"]
[Date "2016.03.13"]
[Round "6"]
[White "Picard, Serge"]
[Black "Carre, Cedric"]
[Result "1/2-1/2"]
[WhiteElo "2044"]
[BlackElo "2076"]
[PlyCount "100"]
[EventDate "2015.12.06"]
[EventType "team-tourn"]
[EventRounds "7"]
[EventCountry "FRA"]
[SourceTitle "EXT 2024"]
[Source "ChessBase"]
[SourceDate "2023.10.10"]
[SourceVersion "1"]
[SourceVersionDate "2023.10.10"]
[SourceQuality "1"]

1. e4 Nf6 2. e5 Nd5 3. Nf3 d6 4. d4 g6 5. Bc4 Nb6 6. Bb3 Bg7 7. 0-0 0-0 8. Bf4 Nc6 9. c3 Bg4 10. exd6 exd6 11. Nbd2 a5 12. a4 Qd7 13. h3 Be6 14. Re1 Rae8 15. Nf1 Bxb3 16. Qxb3 Nd8 17. Bd2 Rxe1 18. Nxe1 Qe6 19. Qb5 Nc6 20. Ne3 d5 21. Nd3 Bh6 22. Nc5 Qc8 23. Nf1 Bg7 24. Nb3 Qd7 25. Nc5 Qc8 26. Bf4 Re8 27. Nd2 Bxd4 28. Ncb3 Bg7 29. Nf3 Re4 30. Bg3 Bf8 31. Nxa5 Nxa5 32. Qxa5 Qd7 33. Nd4 Nc4 34. Qxc7 Qxc7 35. Bxc7 Nxb2 36. a5 Bc5 37. Bb6 Bxd4 38. Bxd4 Re7 39. a6 bxa6 40. Rxa6 f5 41. Rd6 Rc7 42. Rxd5 Na4 43. Be5 Rc6 44. Rd3 Kf7 45. f4 Ke6 46. Kf2 Nc5 47. Rd1 Ne4+ 48. Kf3 Rc8 49. g4 Rc6 50. Ra1 Nd2+ 1/2-1/2

[Event "FRA-chT4 1314"]
[Site "Champagne Ardennes"]
[Date "2014.04.06"]
[Round "7"]
[White "Defrance, Laurent"]
[Black "Carre, Cedric"]
[Result "1/2-1/2"]
[WhiteElo "2136"]
[BlackElo "2081"]
[PlyCount "90"]
[EventDate "2013.10.25"]
[EventType "team-tourn"]
[EventRounds "7"]
[EventCountry "FRA"]
[SourceTitle "EXT 2024"]
[Source "ChessBase"]
[SourceDate "2023.10.10"]
[SourceVersion "1"]
[SourceVersionDate "2023.10.10"]
[SourceQuality "1"]

1. Nf3 Nf6 2. d4 d5 3. e3 Bg4 4. Be2 Nc6 5. Nbd2 e6 6. 0-0 Bd6 7. b3 0-0 8. Bb2 Bxf3 9. Nxf3 Ne4 10. Nd2 f5 11. f4 g5 12. Nxe4 fxe4 13. g3 Ne7 14. Bg4 Nf5 15. Bxf5 exf5 16. c4 c6 17. Qe2 a6 18. c5 Bc7 19. Qh5 g4 20. h3 gxh3 21. Qxh3 Rf6 22. Kg2 Qe7 23. Rh1 Raf8 24. Qh4 Qg7 25. Rh3 Rg6 26. Rah1 h6 27. Bc3 Bd8 28. Qh5 Rff6 29. Be1 Kf7 30. b4 Ke6 31. a4 b6 32. cxb6 Bxb6 33. Qe2 Qb7 34. Bf2 a5 35. Rb1 Qa7 36. Qc2 Kd7 37. b5 c5 38. dxc5 Bxc5 39. Rc1 Bb6 40. Qc8+ Ke7 41. Rhh1 Qd7 42. Qb8 Rf8 43. Qe5+ Re6 44. Qc3 Rg8 45. Rcd1 d4 1/2-1/2

[Event "FRA-chT4 1314"]
[Site "Champagne Ardennes"]
[Date "2013.10.13"]
[Round "1"]
[White "Massart, Jeremy"]
[Black "Carre, Cedric"]
[Result "0-1"]
[WhiteElo "2080"]
[BlackElo "1830"]
[PlyCount "70"]
[EventDate "2013.10.25"]
[EventType "team-tourn"]
[EventRounds "7"]
[EventCountry "FRA"]
[SourceTitle "EXT 2024"]
[Source "ChessBase"]
[SourceDate "2023.10.10"]
[SourceVersion "1"]
[SourceVersionDate "2023.10.10"]
[SourceQuality "1"]

1. e4 Nf6 2. e5 Nd5 3. d4 d6 4. c4 Nb6 5. f4 dxe5 6. fxe5 Nc6 7. Be3 Bf5 8. a3 e6 9. Nf3 Bg4 10. Nbd2 Be7 11. Be2 0-0 12. 0-0 a5 13. Qe1 f6 14. Qg3 Bf5 15. b3 Nd7 16. Nh4 fxe5 17. Bh6 g6 18. Nxg6 Bxg6 19. Bxf8 Nxf8 20. d5 Bh4 21. Qg4 Nd4 22. Bd3 Qg5 23. Qxg5 Bxg5 24. Bxg6 hxg6 25. Nf3 Nxf3+ 26. gxf3 exd5 27. cxd5 Rd8 28. Rfd1 Be3+ 29. Kg2 Bd4 30. Rac1 Bb6 31. Kg3 Kg7 32. Rc3 Ne6 33. b4 axb4 34. axb4 Nd4 35. Re1 Rxd5 0-1

[Event "FRA-chT4 0506"]
[Site "France"]
[Date "2006.02.08"]
[Round "5"]
[White "Guyot, Jean Francois"]
[Black "Carre, Cedric"]
[Result "0-1"]
[WhiteElo "2080"]
[BlackElo "2092"]
[PlyCount "94"]
[EventDate "2005.10.02"]
[EventType "team"]
[EventRounds "9"]
[EventCountry "FRA"]
[SourceTitle "EXT 2007"]
[Source "ChessBase"]
[SourceDate "2006.11.23"]
[SourceVersion "1"]
[SourceVersionDate "2006.11.23"]
[SourceQuality "1"]

1. c4 Nf6 2. g3 e6 3. Bg2 c5 4. Nf3 b6 5. Ne5 d5 6. Qa4+ Bd7 7. Nxd7 Qxd7 8. Qxd7+ Kxd7 9. cxd5 exd5 10. Nc3 Kd6 11. d3 Na6 12. Bf4+ Kc6 13. 0-0 Rd8 14. e4 Nb4 15. Rfd1 d4 16. Ne2 Kd7 17. a3 Nc6 18. Bh3+ Ke8 19. Bc7 Ra8 20. Nf4 Nd7 21. Nd5 Rc8 22. e5 Nd8 23. Bd6 Ne6 24. f4 Bxd6 25. exd6 Rc6 26. Ne7 Rxd6 27. Nf5 Rc6 28. Re1 Kd8 29. Bg2 Rc7 30. Nd6 Ke7 31. Nxf7 Kxf7 32. Bd5 Re8 33. f5 Nf6 34. Bxe6+ Kf8 35. h3 Rce7 36. Kf2 g5 37. g4 h5 38. gxh5 Nxh5 39. Rg1 Nf4 40. Rh1 Nxe6 41. fxe6 Rxe6 42. b4 Re2+ 43. Kg3 Kg7 44. bxc5 Kg6 45. Rhg1 R8e3+ 46. Kg4 bxc5 47. Rac1 Rxd3 0-1

[Event "Champagne-chT"]
[Site "Ardennes"]
[Date "2005.05.05"]
[Round "6"]
[White "Carre, Cedric"]
[Black "Bessat, Remy"]
[Result "1-0"]
[WhiteElo "2100"]
[BlackElo "2006"]
[PlyCount "101"]
[EventDate "2005.05.05"]
[EventType "team"]
[EventRounds "8"]
[EventCountry "FRA"]
[SourceTitle "EXT 2007"]
[Source "ChessBase"]
[SourceDate "2006.11.23"]
[SourceVersion "1"]
[SourceVersionDate "2006.11.23"]
[SourceQuality "1"]

1. Nf3 c5 2. g3 d5 3. Bg2 Nc6 4. 0-0 e5 5. c4 Nf6 6. cxd5 Nxd5 7. Nc3 Nc7 8. a3 Be7 9. d3 0-0 10. Ne4 Ne6 11. Bd2 f5 12. Nc3 Kh8 13. Qb1 Ned4 14. Nxd4 Nxd4 15. b4 cxb4 16. axb4 Be6 17. Be3 Qd7 18. Bxd4 exd4 19. Na4 Bd5 20. Bxd5 Qxd5 21. Nc5 a5 22. Qb3 Qxb3 23. Nxb3 Bxb4 24. Nxd4 Bc3 25. Ra4 Bxd4 26. Rxd4 a4 27. Ra1 a3 28. Rb4 Ra7 29. Ra2 Kg8 30. Rb3 Rfa8 31. Kf1 Kf7 32. Ke1 Ke6 33. Kd1 Kd6 34. Kc1 Kc5 35. Rc2+ Kd6 36. Kb1 g5 37. Ka2 f4 38. Rb6+ Kd7 39. Rc3 fxg3 40. fxg3 Rf8 41. Rxa3 Rxa3+ 42. Kxa3 Kc7 43. Rh6 Rf7 44. Kb4 Kb8 45. e4 Ka7 46. d4 Kb8 47. e5 Kc7 48. Kc5 Kc8 49. d5 g4 50. e6 Rc7+ 51. Kd6 1-0

[Event "FRA-chT4"]
[Site "Champagne Ardenne"]
[Date "2005.02.07"]
[Round "5"]
[White "Prioux, Pascal"]
[Black "Carre, Cedric"]
[Result "0-1"]
[WhiteElo "2083"]
[BlackElo "2100"]
[PlyCount "56"]
[EventDate "2005.01.09"]
[EventRounds "7"]
[EventCountry "FRA"]
[SourceTitle "EXT 2007"]
[Source "ChessBase"]
[SourceDate "2006.11.23"]
[SourceVersion "1"]
[SourceVersionDate "2006.11.23"]
[SourceQuality "1"]

1. Nf3 Nf6 2. g3 b6 3. Bg2 Bb7 4. 0-0 c5 5. d3 d5 6. Nbd2 Nbd7 7. c4 d4 8. e4 dxe3 9. fxe3 g6 10. b3 Ng4 11. Bb2 Ndf6 12. Qe2 Bh6 13. e4 Ne3 14. e5 Nxf1 15. exf6 Nxd2 16. Nxd2 Bxg2 17. Kxg2 Bxd2 18. Qxd2 e6 19. d4 Qd7 20. Qe3 cxd4 21. Bxd4 0-0-0 22. Rd1 e5 23. Qxe5 Rhe8 24. Qf4 Qc6+ 25. Kh3 Qe4 26. Qf2 h5 27. b4 Qg4+ 28. Kg2 Re2 0-1

[Event "FRA-chT4 0304"]
[Site "Champagne Ardenne"]
[Date "2004.02.01"]
[Round "5"]
[White "Picard, Serge"]
[Black "Carre, Cedric"]
[Result "1/2-1/2"]
[WhiteElo "2273"]
[BlackElo "2050"]
[PlyCount "101"]
[EventDate "2003.10.??"]
[EventRounds "6"]
[EventCountry "FRA"]
[SourceTitle "EXT 2005"]
[Source "ChessBase"]
[SourceDate "2004.11.15"]
[SourceVersion "1"]
[SourceVersionDate "2004.11.15"]
[SourceQuality "1"]

1. e4 c5 2. Nf3 d6 3. c3 Nf6 4. Bd3 Nc6 5. Bc2 Bg4 6. d3 g6 7. Nbd2 Bg7 8. h3 Bc8 9. d4 0-0 10. 0-0 b5 11. Re1 e5 12. Nf1 Bb7 13. Be3 cxd4 14. cxd4 Nb4 15. Bb1 Nxe4 16. Qb3 a5 17. Bxe4 Bxe4 18. Bg5 Bd5 19. Bxd8 Bxb3 20. Be7 Rfe8 21. Bxd6 Bd5 22. Bxb4 Bxf3 23. Bd6 Bd5 24. dxe5 Rac8 25. Ne3 Be6 26. Rac1 Rxc1 27. Rxc1 Bh6 28. b3 Bxe3 29. fxe3 a4 30. bxa4 bxa4 31. a3 Rc8 32. Rd1 Bb3 33. Rd2 h5 34. Kh2 Be6 35. Kg3 Kg7 36. Be7 Re8 37. Bf6+ Kh6 38. Kf4 Rg8 39. Bg5+ Kg7 40. g4 Rc8 41. Bf6+ Kh6 42. g5+ Kh7 43. h4 Kg8 44. Rd4 Bb3 45. Be7 Ra8 46. Rd7 Be6 47. Rb7 Bd5 48. Rc7 Be6 49. Ke4 Bb3 50. Kd4 Be6 51. Kc5 1/2-1/2

[Event "FRA-chT4 0203"]
[Site "Champagne Ardenne"]
[Date "2003.03.16"]
[Round "6"]
[White "Carre, Cedric"]
[Black "Guerpillon, Louis"]
[Result "1-0"]
[WhiteElo "1870"]
[BlackElo "1940"]
[PlyCount "45"]
[EventDate "2002.10.02"]
[EventType "team"]
[EventRounds "7"]
[EventCountry "FRA"]
[SourceTitle "EXT 2005"]
[Source "ChessBase"]
[SourceDate "2004.11.15"]
[SourceVersion "1"]
[SourceVersionDate "2004.11.15"]
[SourceQuality "1"]

1. Nf3 e6 2. d4 b6 3. g3 Bb7 4. Bg2 f5 5. 0-0 Nf6 6. c4 Be7 7. a3 0-0 8. Nc3 Ne4 9. d5 Nxc3 10. bxc3 c5 11. Qc2 Bf6 12. Bf4 Qe7 13. Rfd1 e5 14. Nxe5 d6 15. Nc6 Qd7 16. h4 Ba6 17. Qd3 Re8 18. a4 Be5 19. Bxe5 dxe5 20. d6 Nxc6 21. Qd5+ Kh8 22. Qxc6 Qd8 23. d7 1-0